<?xml version="1.0" encoding="UTF-8"?>
<marc:record xmlns:marc="http://www.loc.gov/MARC21/slim">
   <marc:leader>00000nam a2200000 a 4500</marc:leader>
   <marc:datafield ind1="1" ind2=" " tag="100">
      <marc:subfield code="a">Havener, Thorsten</marc:subfield>
      <marc:subfield code="4">aut</marc:subfield>
      <marc:subfield code="e">Verfasser/-in</marc:subfield>
   </marc:datafield>
   <marc:datafield ind1=" " ind2=" " tag="653">
      <marc:subfield code="a">Löschen</marc:subfield>
   </marc:datafield>
   <marc:datafield ind1=" " ind2=" " tag="653">
      <marc:subfield code="a">Softcover / Sachbücher/Politik</marc:subfield>
   </marc:datafield>
   <marc:datafield ind1=" " ind2=" " tag="653">
      <marc:subfield code="a">Gesellschaft</marc:subfield>
   </marc:datafield>
   <marc:datafield ind1=" " ind2=" " tag="653">
      <marc:subfield code="a">Wirtschaft/Gesellschaft</marc:subfield>
   </marc:datafield>
   <marc:datafield ind1=" " ind2=" " tag="653">
      <marc:subfield code="a">Ratgeber</marc:subfield>
   </marc:datafield>
   <marc:datafield ind1="0" ind2="0" tag="245">
      <marc:subfield code="a">Mach doch, was ich will</marc:subfield>
   </marc:datafield>
   <marc:datafield ind1="0" ind2="0" tag="245">
      <marc:subfield code="b">die Kunst der Manipulation</marc:subfield>
   </marc:datafield>
   <marc:datafield ind1="0" ind2="0" tag="245">
      <marc:subfield code="c">Thorsten Havener</marc:subfield>
   </marc:datafield>
   <marc:datafield ind1=" " ind2="1" tag="264">
      <marc:subfield code="a">München</marc:subfield>
      <marc:subfield code="b">Yes</marc:subfield>
      <marc:subfield code="c">2021</marc:subfield>
   </marc:datafield>
   <marc:datafield ind1=" " ind2=" " tag="250">
      <marc:subfield code="a">Originalausgabe, 1. Auflage</marc:subfield>
   </marc:datafield>
   <marc:datafield ind1="1" ind2=" " tag="520">
      <marc:subfield code="a">Angaben aus der Verlagsmeldung

Mach doch, was ich will : Die Kunst der Manipulation / von Thorsten Havener

Manipulation ist eine dunkle Kunst. Gegen uns gerichtet, sorgt sie dafür, dass unsere Gedanken und Handlungen nicht frei sind. Oft bemerken wir nicht einmal, dass wir zu Marionetten anderer werden, die ihre eigenen Interessen gnadenlos durchsetzen. Denn manipuliert wird überall: im Berufsalltag, unter Freunden, in der Beziehung und der TV-Werbepause. Höchste Zeit, die Kontrolle und Selbstbestimmung über unser Leben zurückzugewinnen, indem wir die häufigsten und wirksamsten Manipulationsmethoden durchschauen und unsere Mitmenschen und ihre verborgenen Interessen lesen lernen.

Thorsten Havener enthüllt die Geheimnisse der Manipulation aus der Sicht des Mentalisten und beschreibt die psychologischen Strategien, mit denen unsere Meinungen und Entscheidungen gesteuert und sabotiert werden. Wie werden wir dazu gebracht, zu tun, was andere von uns wollen? Und wie können wir uns gegen diese mächtigen Kräfte wehren, um andere durch Charisma und Selbstbewusstsein, starke Rhetorik und Körpersprache von unseren eigenen Ideen zu überzeugen?
</marc:subfield>
   </marc:datafield>
   <marc:datafield ind1=" " ind2=" " tag="020">
      <marc:subfield code="a">9783969050743</marc:subfield>
      <marc:subfield code="9">9783969050743</marc:subfield>
   </marc:datafield>
   <marc:datafield ind1=" " ind2=" " tag="020">
      <marc:subfield code="a">396905074X</marc:subfield>
      <marc:subfield code="9">396905074X</marc:subfield>
   </marc:datafield>
   <marc:datafield ind1=" " ind2=" " tag="041">
      <marc:subfield code="a">ger</marc:subfield>
   </marc:datafield>
   <marc:datafield ind1=" " ind2=" " tag="300">
      <marc:subfield code="a">239 Seiten</marc:subfield>
   </marc:datafield>
</marc:record>
